00500nam a2200193 a 4500001001300000003000900013005001700022008004100039020002300080082002000103100001700123245003700140260002700177300000900204500003500213505002400248650001700272700001700289nice12345678IN_TiNIC20260116015354.0110420s2009 nj,a grp 000 0 eng  a9781597841153c35000a305.420936bSAN aSancar, Asli aOttoman Womenb Myth and Reality aNJ, USA bLight c2009 a189p aincludes index and biblioraphy2 aBibliography, Index aWomen-Turkey1 aSancar, Asli